000 00541nam a2200205Ia 4500
003 OSt
005 20220926044347.0
006 a|||||r|||| 00| 0
007 ta
008 220923b |||||||| |||| 00| 0 eng d
037 _cGeneral Book
040 _aRTL
_cRTL
_beng
041 _2eng
_aeng
082 _aX796::3:N3, G4 D&W
100 _aBurton J H
_9342383
245 0 _aFinance of local government authorities
260 _c1934
942 _hX796::3:N3, G4 D&W
_cGB
_2CC
999 _c674649
_d674649